[Event "London Classic op U1600 8th"]
[Site "London"]
[Date "2016.12.10"]
[Round "3"]
[White "Radford, Peter"]
[Black "Ashraf, Zoha"]
[Result "1/2-1/2"]
[WhiteElo "1450"]
[BlackElo "1112"]
[PlyCount "53"]
[EventDate "2016.12.09"]
[EventType "swiss"]
[EventRounds "5"]
[EventCountry "ENG"]
[SourceTitle "EXT 2019"]
[Source "ChessBase"]
[SourceDate "2018.10.10"]
[SourceVersion "1"]
[SourceVersionDate "2018.10.10"]
[SourceQuality "1"]

1. e4 e6 2. d4 d5 3. e5 c5 4. Nf3 Nc6 5. Be3 Qb6 6. b3 Bd7 7. Be2 Be7 8. 0-0 f6 9. c3 0-0-0 10. Nbd2 Nh6 11. dxc5 Bxc5 12. Bxc5 Qxc5 13. exf6 gxf6 14. Rc1 Nf5 15. Qe1 Rhg8 16. b4 Qe7 17. a3 Qg7 18. g3 e5 19. Kh1 e4 20. Ng1 e3 21. fxe3 Nxe3 22. Rf3 Rde8 23. Qf2 Ng4 24. Qf1 Qh6 25. Qg2 Qxd2 26. Rd1 Qh6 27. Rxd5 1/2-1/2

[Event "London Classic op U1600 8th"]
[Site "London"]
[Date "2016.12.10"]
[Round "2"]
[White "Subash Aravind, B."]
[Black "Radford, Peter"]
[Result "1-0"]
[WhiteElo "1142"]
[BlackElo "1450"]
[PlyCount "31"]
[EventDate "2016.12.09"]
[EventType "swiss"]
[EventRounds "5"]
[EventCountry "ENG"]
[SourceTitle "EXT 2019"]
[Source "ChessBase"]
[SourceDate "2018.10.10"]
[SourceVersion "1"]
[SourceVersionDate "2018.10.10"]
[SourceQuality "1"]

1. d4 d5 2. c4 Nf6 3. Nc3 e6 4. Nf3 a6 5. Bf4 c5 6. e3 Bd6 7. Bxd6 Qxd6 8. Ne5 Nbd7 9. f4 b6 10. Bd3 Bb7 11. 0-0 0-0-0 12. Nxf7 Qc6 13. Nxd8 Kxd8 14. Qe2 b5 15. cxb5 Qb6 16. bxa6 1-0